Peintres du monde - Statistiques

Statistiques générales
  • Ce quiz a été pris 691 fois
    207 depuis la dernière actualisation
  • Le résultat moyen est 34 sur 72
Statistiques - réponses
Peintures/mouvement/pays. Réponse % Correct
La Joconde, La Cène, Homme de Vitruve, La Dame à l'hermine.Haute Renaissance. Italie. Léonard De Vinci
97%
Jugement dernier, Plafond de la chapelle Sixtine, La création d'Adam, Le Tourment de saint antoine.Haute Renaissance. Italie. Michel-Ange
94%
La Nuit étoilée, Les Tournesols, Terrasse du café le soir,La Chambre de Van Gogh à Arles, Les Mangeurs de pommes de terre.Postimpressionnisme/Symbolisme. Pays-Bas. Vincent Van Gogh
90%
La Naissance de Vénus, Le Printemps, L'Annonciation du Cestello.Première Renaissance. Italie. Sandro Botticelli
89%
Impression soleil levant, Les Nymphéas, Les Coquelicots, la japonaise, la promenade, Le Jardin de l'artiste à Giverny.Impressionnisme. France. Claude Monet
86%
La Jeune fille à la perle, La Laitière, L'Astronome.Peinture baroque. Pays-Bas. Johannes Vermeer
84%
La forniara, l'école d'Athènes, Chambres de Raphaël.Haute Renaissance Italie. Raphaël
84%
Guernica, La femme qui pleure, Les Demoiselles d'Avignon, Le Vieux Guitariste aveugle.Cubisme/surréalisme. Espagne. Pablo Picasso
82%
Le déjeuner sur l'herbe, Olympia.Impressionnisme/réalisme France. Édouard Manet
81%
La Liberté guidant le peuple, La Mort de Sardanapale, Femmes d'Alger dans leur appartement.Romantisme. France. Eugène Delacroix
80%
La Montagne Sainte-Victoire, Portrait de Madame Cézanne, Les Grandes Baigneuses.Impressionnisme/Post-Impressionnisme. France. Paul Cézanne
79%
Le Cri, La Madone, L'enfant malade, L'Amour et la Douleur/Vampire. Impressionnisme nordique, expressionnisme. Norvège. Edvard Munch
78%
Le Sacre de Napoléon, Bonaparte franchissant le Grand-Saint-Bernard, Le Serment des Horaces, la mort de mara.Peinture néo-classique. France. Jacques-Louis David
75%
Le Baiser, Portrait d'Adele Bloch-Bauer I, Frise Beethoven, Judith I.Symbolisme. Autriche. Gustav Klimt
72%
Bal du moulin de la Galette, Jeunes filles au piano, Rose et bleu, Le Déjeuner des canotiers.Impressionnisme. France. Auguste Renoir
70%
Vénus à son miroir, Les Ménines, Les Fileuses, Le Triomphe de Bacchus.Baroque. Espagne. Diego Vélasquez
68%
Trente-six vues du mont Fuji, La Grande Vague de Kanagawa,Bullfinch and weeping cherry blossoms. Ukiyo-e. Japon. Hokusai
68%
La Leçon d'anatomie du docteur Tulp, La Ronde de nuit, Le Christ dans la tempête sur la mer de Galilée.Peinture baroque. Pays-Bas. Rembrandt
68%
Le Jardin des délices, La Tentation de saint Antoine, Le Jugement dernier, L'Épiphanie (Bosch).Ptimitif Flamand. Pays-Bas. Jérôme Bosch
67%
Campbell's Soup Cans, Ten Lizes, Diptyque Marilyn. Huit Elvis.Pop art. Etats-Unis. Andy Warhol
66%
L'Origine du monde, enterrement à ornans, l'homme blessé.Réalisme. France. Gustave Courbet
66%
Tête de Méduse, La Décollation de saint Jean-Baptiste, narcisse.Baroque/caravagisme. Italie. Le Caravage
66%
Le radeau de la Méduse, Officier de chasseurs à cheval de la garde impériale chargeant.Romantisme. France. Theodore Géricault
66%
Le Sabbat des Sorcières, La Maja vêtue / La Maja nue, Tres de mayo, Saturne dévorant un de ses fils.Peinture préromantique. Espagne. Francisco de Goya
64%
Les Époux Arnolfini, L’Adoration de l’agneau mystique, La Vierge du chancelier Rolin. Primitif flamand, Renaissance nordique. Belgique. Jan van Eyck
64%
La Tentation de Saint Antoine, La Persistance de la mémoire, Galatea des sphères, Rêve causé par le vol d'une abeille autour d'une grenade une seconde avant l'éveil.Surréalisme. Espagne. Salvador Dalí
62%
Le Voyageur contemplant une mer de nuages, Les Âges de la vie, Ruines de l'abbaye d'Eldena dans les monts des géants, La Mer de glace. Romantisme allemand. Allemagne. Caspar David Friedrich
59%
Les Glaneuses, L'Angélus, L'Homme à la houe.Réalisme. France. Jean François Millet
57%
Nu bleu (souvenir de Biskra), Femme au chapeau, L'Atelier rouge, la danse, la tristesse du roi.Fauvisme. France. Matisse
57%
La colonne brisée, Autoportrait au collier d'épines et colibri, Sans espoir.Surréalisme/réalisme magique/?. Mexique. Frida Kahlo
56%
Le Dernier Voyage du Téméraire, Pêcheurs en mer, La Bataille de Trafalgar, Pluie, Vapeur et Vitesse, Le Négrier. Romantisme, Peinture anglaise. Royaume-Uni. Joseph Mallord William Turner
56%
L'Absinthe, Le Bureau de coton à La Nouvelle-Orléans, La Classe de danse.Impressionnisme. France. Edgar Degas
55%
Nighthawks, Automat, Office at night, House by the Railroad.Réalisme américain. États-Unis. Edward Hopper
55%
La Grande Odalisque, Portrait de monsieur Bertin, La Grande Baigneuse, La Source.Romantisme/néo-classicisme. France. Jean Auguste Dominique Ingres
55%
Les Amants, La Trahison des images, Le fils de l'homme.surréalisme. Belgique. René Magritte
55%
Orange, Red, Yellow, Orange and Yellow, chapelle Rothko. expressionnisme abstrait. États-Unis. Mark Rothko
52%
Le Christ jaune, Arearea, D'où venons-nous ? Que sommes-nous ? Où allons-nous ?.postimpressionnisme/Art moderne. France. Paul Gauguin
49%
Composition VII, Composition 8.Expressionnisme. Russie/France Vassily Kandinsky
47%
Le lièvre, Melencolia, Adoration des mages. Renaissance allemande. Allemagne. Albrecht Dürer
43%
Moi et le village, Over the town, Autoportrait aux sept doigts, Plafond de l'Opéra Garnier.Surréalisme/Néo-primitivisme/?. Russie. Marc Chagall
43%
L'Enlèvement des Sabines, L'Inspiration du poète, La Danse de la vie humaine.Classicisme/Baroque. France. Nicolas Poussin
42%
Composition II en rouge bleu et jaune, Dune, Moulin au soleil, Broadway Boogie-Woogie. Art abstrait, néoplasticisme. Pays-Bas. Piet Mondrian
42%
La Femme au miroir, La Vierge au lapin, Bacchus et Ariane, Vénus d'Urbin.Renaissance. Italie. Titien
42%
Un dimanche après-midi à l'Île de la Grande Jatte, Une baignade à Asnières, Cirque.Divisionnisme. France. Georges Seurat
40%
Le Grand Nu, Maisons à l'Estaque, Woman with a Guitar.Fauvisme/Cubisme. France. George Braque
39%
La Bohémienne endormie, Le Rêve, Le lion ayant faim se jette sur l'antilope, La Charmeuse de serpents.Art naïf/Post-Impressionnisme/?. France. Le douanier Rousseau
37%
Vue de Tolède, L'Enterrement du comte d'Orgaz, Le Gentilhomme à la main sur la poitrine, Triptyque de Modène, Le Martyre de Saint Maurice. Renaissance espagnole. Espagne. Le Greco
37%
La Chasse au tigre, Les Trois Grâces, Le Jugement de Pâris, Vénus at the mirror.Baroque. Belge. Pierre Paul Rubens
36%
Drowning Girl, Whaam!, Look Mickey, Masterpiece.Pop art États-Unis. Roy Lichtenstein
31%
Trois études de figures au pied d'une crucifixion, Study for a Portrait, Étude d'après le portrait du pape Innocent X par Velázquez.Surréalisme/Cubisme/Expressionnisme. Royaume-Uni. Francis Bacon
28%
Pierrot, Pèlerinage à l'île de Cythère, les charmes de la vie, MezzetinRococo. France. Jean-Antoine Watteau
25%
Boulevard Montmartre matinée de printemps, Le Pont Boieldieu à Rouen temps mouillé.Impressionnisme. Danemark. Camille Pissarro
24%
Les Joueurs de skat, La Guerre, Prager Straße, Der Krieg. expressionnisme, nouvelle objectivité. Allemagne. Otto Dix
24%
Légende du marais, La Machine à gazouiller, Angelus Novus. Expressionnisme, surréalisme, Bauhaus. Allemagne. Paul Klee
23%
Fresques de la vie de saint François à Assise, Campanile de la cathédrale de Florence, Fresques de la vie du Christ et de la Vierge. Pré-Renaissance italienne. Italie. Giotto di Bondone
22%
Autumn Rhythm (Number 30), No. 5, Mural, Blue Poles.Expressionnisme abstrait. États-Unis. Jackson Pollock
22%
Untilted (Head), Cabeza, flexible, warrior.Néo-expressionnisme. États-Unis. Jean-Michel Basquiat
22%
Paysage catalan (Le Chasseur), La Terre labourée, Intérieur hollandais I.Surréalisme. Espagne. Joan Miró
22%
Portrait de Walburga Neuzil, Mort et Jeune fille, L'Étreinte(couple d'amoureux II), Autoportrait à la lanterne chinoise,La Famille. Art nouveau/expressionnisme. Autriche. Egon Schiele
21%
Le Violon d'Ingres, Le Cadeau, Glass tears, Object to Be Destroyed.Surréalisme/Dada. États-Unis/France. Man Ray
18%
L'Éléphant de Célèbes, La mariée mise à nu,The Angel of the home or the Triumph of Surrealisme, Napoleon in the wilderness.Dada/surréalisme. Allemagne. Max Ernst
17%
Portrait de Lunia, Nu assis sur un divan, La juive.Art moderne/expressionnisme/?. Italie. Amedeo Modigliani
16%
Crack Is Wack, Best buddies, Radiant Baby, The Marriage Of Heaven And Hell, Ignorance = Fear.Pop art/street. Etats-Unis. Keith Haring
14%
Autoportrait avec la Mort jouant du violon, L'Île des morts,Jeu des Néréides,La peste. Symbolisme. Suisse. Arnold Böcklin
13%
La Tour des chevaux bleus, Destins d'animaux, Le Renard bleu-noir.Expressionnisme. Allemagne. Franz Marc
12%
La Bohémienne, Le Bouffon au luth, Le Cavalier riant, Le Joueur de "rommelpot",Malle Babbe. Baroque. Pays-Bas. Frans Hals
10%
Sadko, Les Bateliers de la Volga, Procession religieuse dans la province de Koursk.Ambulant/Réalisme/Impressionnisme. Russie. Ilia Répine
10%
Jimson Weed, New York Street with Moon, Ram's Head, White Hollyhock-Hills.Modernisme/précisionnisme. États-Unis. Georgia O'Keeffe
8%
Le Démon assis, La Princesse cygne, Le démon volant, Bogatyr.Symbolisme russe. Russie. Mikhaïl Vrubel
5%
Le bûcheron, La Nuit, Madame Valentine Godé-Darel malade, The Patient, Le Lac Léman vu de Chexbres. Art nouveau, symbolisme. Suisse. Ferdinand Hodler
4%
Benefits Supervisor Sleeping, Girl with a White Dog, Reflection (Self-portrait), Leigh Bowery (Seated). Réalisme/Expressionnisme. Royaume-Uni. Lucian Freud
3%
L'Enlèvement d'Europe, La Jeune Fille aux pêches, Portrait d'Ida Rubinstein.Impressionnisme. Russe. Valentin Serov
3%
Aucun quiz correspondant
Distribution des résultats
% des personnes avec chaque résultat
Percentile par nombre de réponses
Votre historique - résultats
Vous n’avez pas pris ce quiz depuis la dernière actualisation